Thể dục cho phụ nữ mang thai

Gespeichert in:
Bibliographische Detailangaben
1. Verfasser: Difiore, Judy
Format: Buch
Sprache:Undetermined
Veröffentlicht: Hà Nội Văn hoá Thông tin 2004
Schlagworte:
Tags: Tag hinzufügen
Keine Tags, Fügen Sie den ersten Tag hinzu!
Thư viện lưu trữ: Trung tâm Học liệu Trường Đại học Cần Thơ
LEADER 00611nam a2200205Ia 4500
001 CTU_60683
008 210402s9999 xx 000 0 und d
020 |b 24000 
082 |a 618.24 
082 |b D569 
100 |a Difiore, Judy 
245 0 |a Thể dục cho phụ nữ mang thai 
245 0 |c Judy Difiore; Liên Hương biên dịch 
260 |a Hà Nội 
260 |b Văn hoá Thông tin 
260 |c 2004 
650 |a Obstetrics,Women,Exercuse for pregnat women 
650 |x Health and hygiene 
904 |i Minh, Năm 
980 |a Trung tâm Học liệu Trường Đại học Cần Thơ